[Event "ICS rated blitz match"]
[Site "204.178.125.65"]
[Date "1999.08.06"]
[Round "?"]
[White "Njall"]
[Black "Hossa"]
[Result "0-1"]
[WhiteElo "2284"]
[BlackElo "2471"]
[PlyCount "134"]
[EventDate "1999.??.??"]

1. c4 c6 2. Nc3 d5 3. d4 dxc4 4. e4 e5 5. d5 b5 6. dxc6 Qxd1+ 7. Kxd1 Nf6 8.
Nxb5 Na6 9. f3 Be6 10. c7 Bc5 11. a3 Rc8 12. Ne2 Nxc7 13. Nxc7+ Rxc7 14. Kc2
O-O 15. Nc3 Rd8 16. Be2 Rcd7 17. Bg5 h6 18. Bc1 Bd4 19. Rd1 a6 20. Bd2 Rb8 21.
Rab1 Rb3 22. Be1 Nh7 23. Nd5 Rxd5 24. exd5 Bf5+ 25. Kc1 Bxb1 26. Rxd4 exd4 27.
Bxc4 Ba2 28. Bxb3 Bxb3 29. d6 Nf8 30. Kd2 Bc4 31. Bf2 Ne6 32. d7 Bb5 33. d8=Q+
Nxd8 34. Bxd4 Ne6 35. Be3 Bf1 36. g3 Ng5 37. Bxg5 hxg5 38. b4 f5 39. Ke3 Kf7
40. f4 g4 41. Kd4 Bb5 42. Ke5 Kg6 43. Kd6 Kf6 44. Kc5 Ke6 45. Kb6 Kd5 46. Ka5
Kc6 47. a4 Bd3 48. b5+ axb5 49. axb5+ Bxb5 50. Kb4 Ba6 51. Kc3 Kd5 52. Kd2 Ke4
53. Kc3 Kf3 54. Kd4 Kg2 55. Ke5 Kxh2 56. Kxf5 Kxg3 57. Kg5 Bd3 58. f5 Bxf5 59.
Kxf5 Kf3 60. Kg6 g3 61. Kxg7 g2 62. Kf6 g1=Q 63. Kf5 Qe1 64. Kf6 Kg4 65. Kf7
Kg5 66. Kg7 Qe8 67. Kh7 67... Kf6 {Njall resigns} 0-1

[Event "ICS rated blitz match"]
[Site "204.178.125.65"]
[Date "1999.08.06"]
[Round "?"]
[White "Talmoves"]
[Black "Hossa"]
[Result "0-1"]
[WhiteElo "2543"]
[BlackElo "2499"]
[Annotator "Fritz 5.32 (15s)"]
[PlyCount "158"]
[EventDate "1999.??.??"]

1. e4 1... c6 {Opening = B10 -(2.Nf3 d5 3.Nc3 ---)} 2. e5 f6 (2... d6 3. Nf3
Bg4 4. Bc4 e6 5. exd6 Bxd6 6. Nc3 Nf6 7. d4 Nbd7 8. Be2 O-O 9. O-O Qc7 10. h3
Bh5 11. Re1 Rfd8 12. Nh4 Bxe2 13. Qxe2 a6 14. Bg5 h6 15. Be3 b5 16. Rad1 b4 17.
Na4 {Mestrovic,Z-Commons,K/Lone Pine 1978/MCL/1-0 (59)}) (2... e6 3. Nf3 d6 4.
d4 dxe5 5. Nxe5 c5 6. c3 f6 7. Bb5+ Bd7 8. Bxd7+ Nxd7 9. Nxd7 Qxd7 10. O-O
O-O-O 11. Be3 e5 12. h3 exd4 13. cxd4 cxd4 14. Qc2+ Kb8 15. Bf4+ Ka8 16. Bc7
Rc8 17. Rc1 {Slehofer,M-Soukupova,T/Klatovy 1997/EXT 98/0-1 (40)}) 3. d4 $146 (
3. Bd3 g6 4. h4 d6 5. h5 Bg7 6. exf6 Nxf6 7. hxg6 hxg6 8. Rxh8+ Bxh8 9. Bxg6+
Kd7 10. Bh5 {0-1 Busse,A-Metz,J/Karlsruhe 1992/EXT 97 (10)}) 3... fxe5 4. Qh5+
g6 5. Qxe5 Nf6 6. Bd3 Bg7 7. c3 O-O 8. f3 {Staerkt e4+g4} 8... b6 9. Bg5 Nd5
10. Qe4 Ba6 11. Bxa6 Nxa6 12. Ne2 Rf5 13. Bh4 Qf8 14. Nd2 Re8 15. O-O 15... e5
{Schwarz haelt das Heft fest in der Hand} 16. Qd3 Nac7 17. Ng3 $15 (17. Rfe1
Ne6 18. Bf2 18... Rg5 $11) 17... Nf4 18. Qc4+ Rf7 19. dxe5 Bxe5 20. Bg5 b5 21.
Qb3 Nce6 22. Bxf4 Bxf4 23. Qc2 $4 $19 {und es geht weiter bergab} (23. Rad1 $17
$142) 23... Qc5+ (23... Bxg3 $142 {liesse Weiss keine Chance} 24. Rfd1 Qc5+ 25.
Kh1 25... Bxh2 $19) 24. Kh1 Bxg3 25. Ne4 25... Qf5 $1 {bleibt am Druecker} 26.
hxg3 d5 27. g4 Qf4 28. Nf2 Qg3 29. Nh3 Nc5 30. Qd2 Rfe7 31. Nf4 (31. Qf4 Qxf4
32. Nxf4 32... a5 $17) 31... Nd7 32. Rad1 Nb6 33. b3 Re3 34. Qd4 c5 35. Qf6 Rf8
36. Nh5 {Mit der Mattdrohung Qg7} 36... Rxf6 37. Nxg3 Rxc3 38. Rfe1 Rc2 39.
Re8+ Rf8 40. Re2 Rxe2 41. Nxe2 b4 42. Kg1 Re8 43. Nf4 d4 44. Kf2 Re3 45. Re1
Rxe1 46. Kxe1 Kf7 47. Nd3 Nd7 48. Ke2 h6 49. Kd2 Kf6 50. Ke2 Kg5 51. Kd2 Kh4
52. Nf4 $19 (52. Ke1 $5 $17) 52... g5 $15 (52... Ne5 $19 $142 {
nun kommt Schwarz in Vorteil}) 53. Nh5 53... a5 $11 (53... Ne5 54. Ke2 $15) 54.
Kd3 $17 (54. Ke2 $5 $11 $142 {kam sehr in Betracht}) 54... Nb6 $14 (54... Ne5+
$5 $142 55. Kd2 c4 56. bxc4 Nxc4+ 57. Kd3 57... Ne3 $17) 55. Kd2 $17 (55. Ke2
$5 $142 {damit waere Weiss im Spiel geblieben} 55... d3+ 56. Kxd3 $14) 55... a4
$11 (55... c4 $5 56. bxc4 Nxc4+ 57. Kd3 57... Ne3 $17) 56. g3+ $2 $17 (56. Ke1
$5 $142 {sieht noch spielbar aus} 56... c4 57. Kf2 $15) 56... Kh3 57. Kd3 57...
a3 {Droht c4} 58. Ke4 (58. Kc2 c4 59. bxc4 d3+ 60. Kxd3 b3 61. axb3 61... a2
$19) 58... c4 $1 {die Entscheidung} 59. bxc4 59... b3 $1 {entscheidend} 60.
axb3 a2 61. Kxd4 (61. c5 {nuetzt auch nichts mehr} 61... Nc8 62. Ng7 62... a1=Q
$19) 61... a1=Q+ 62. Kc5 Qa3+ 63. Kxb6 (63. b4 {
aendert nichts am Ausgang der Partie} 63... Qxf3 64. Kxb6 64... Qxg4 $19) 63...
Qxb3+ 64. Kc6 Qxf3+ 65. Kc5 Kxg4 66. Kb6 Kxh5 67. c5 Qxg3 68. Kb7 Qc3 (68...
Qb3+ 69. Kc7 g4 70. c6 Qd5 71. Kb6 g3 72. c7 g2 73. c8=N g1=Q+ 74. Kc7 Qg7+ 75.
Ne7 Qxe7+ 76. Kb6 Qeb7#) 69. c6 Qxc6+ 70. Kxc6 Kg4 71. Kc5 Kf3 72. Kd5 g4 73.
Ke5 g3 74. Kf5 g2 75. Kg6 g1=Q+ 76. Kh7 Kf4 77. Kh8 Kf5 78. Kh7 Kf6 79. Kh8 (
79. Kxh6 {kann das Vorangegangene nicht ungeschehen machen} 79... Qg6#) 79...
Qg7# 0-1

[Event "ICS rated blitz match"]
[Site "204.178.125.65"]
[Date "1999.08.06"]
[Round "?"]
[White "Hossa"]
[Black "brutus"]
[Result "1-0"]
[WhiteElo "2517"]
[BlackElo "2088"]
[PlyCount "36"]
[EventDate "1999.??.??"]

1. d4 Nf6 2. c4 g6 3. Nc3 d5 4. cxd5 Nxd5 5. e4 Nxc3 6. bxc3 Bg7 7. Bb5+ c6 8.
Bc4 O-O 9. Ne2 b5 10. Bd3 a6 11. O-O c5 12. dxc5 Qc7 13. Be3 Bb7 14. a4 Rd8 15.
axb5 axb5 16. Rxa8 Bxa8 17. Qb1 Bc6 18. Bxb5 18... Bxe4 {brutus resigns} 1-0

[Event "ICS rated blitz match"]
[Site "204.178.125.65"]
[Date "1999.08.06"]
[Round "?"]
[White "brutus"]
[Black "Hossa"]
[Result "0-1"]
[WhiteElo "2086"]
[BlackElo "2519"]
[PlyCount "146"]
[EventDate "1999.??.??"]

1. e4 c6 2. d4 d5 3. Nc3 dxe4 4. Nxe4 Bf5 5. Ng3 Bg6 6. Nf3 Nd7 7. Bd3 Bxd3 8.
Qxd3 e6 9. Bd2 Ngf6 10. O-O Bd6 11. c4 O-O 12. Bc3 Ng4 13. Ne4 Bf4 14. g3 Bc7
15. Rad1 Ndf6 16. Rfe1 Rb8 17. h3 Nxe4 18. Qxe4 Nf6 19. Qe3 Qe7 20. Ne5 Rbd8
21. Kg2 Nd7 22. f4 Nb6 23. b3 Bd6 24. Rd2 c5 25. Red1 cxd4 26. Bxd4 Bb4 27. Bc3
Rxd2+ 28. Rxd2 Ba3 29. Qd4 f6 30. Nf3 Bc5 31. Qd3 Rc8 32. Qe4 Rc6 33. Qd3 Rd6
34. Qe2 Rd7 35. Rxd7 Qxd7 36. Qd2 Qc8 37. Qd3 a6 38. Nd2 Qc6+ 39. Qe4 Qd7 40.
Nf3 Nc8 41. Qe2 Ne7 42. Qd2 Qc7 43. Qd3 Nf5 44. Nd4 Qd7 45. Qd2 Nxd4 46. Bxd4
Qxd4 47. Qxd4 Bxd4 48. Kf3 g5 49. fxg5 fxg5 50. g4 Bc5 51. Ke4 Kf7 52. Ke5 h6
53. Ke4 Kf6 54. a4 Bb4 55. Kd3 Ke5 56. Ke3 a5 57. Kf3 Kd4 58. Ke2 Kc3 59. Ke3
Kxb3 60. Kd4 Kxa4 61. c5 Kb3 62. Ke5 Bxc5 63. Kxe6 a4 64. Kf5 a3 65. Kg6 Bf2
66. Kxh6 Bh4 67. Kg6 a2 68. Kf5 a1=Q 69. Ke4 Qh1+ 70. Ke5 Qxh3 71. Kf5 Bg3 72.
Ke6 Qxg4+ 73. Kd5 73... Qc4# {brutus checkmated} 0-1

[Event "ICS rated blitz match"]
[Site "204.178.125.65"]
[Date "1999.08.06"]
[Round "?"]
[White "Hossa"]
[Black "sicillianknight"]
[Result "0-1"]
[WhiteElo "2521"]
[BlackElo "2790"]
[PlyCount "83"]
[EventDate "1999.??.??"]

1. d4 Nf6 2. Nf3 d5 3. e3 e6 4. Bd3 c5 5. O-O Nc6 6. Bb5 Bd6 7. c4 O-O 8. Nc3
a6 9. cxd5 exd5 10. Be2 Re8 11. dxc5 Bxc5 12. Qb3 Be6 13. Na4 d4 14. Qxb7 Na5
15. Qxa8 Qxa8 16. Nxc5 Bd5 17. Nxa6 Bxf3 18. gxf3 d3 19. Bxd3 Qxf3 20. Bd2 Re5
21. Rfc1 Rg5+ 22. Kf1 Nc6 23. Rxc6 Qxc6 24. Rc1 Qg2+ 25. Ke1 Qh3 26. Bb4 Rg1+
27. Kd2 Rxc1 28. Kxc1 Qxh2 29. f4 Qg1+ 30. Kc2 Nd5 31. Bd2 Nxe3+ 32. Bxe3 Qxe3
33. f5 h5 34. Nb4 Qc5+ 35. Kb3 h4 36. Ba6 Qxf5 37. Bb7 Kf8 38. a3 Qc5 39. a4 g5
40. Nd5 g4 41. Ka2 g3 42. Nf6 {Hossa resigns} 0-1

[Event "ICS rated blitz match"]
[Site "204.178.125.65"]
[Date "1999.08.06"]
[Round "?"]
[White "Hossa"]
[Black "pokenose"]
[Result "1-0"]
[WhiteElo "2516"]
[BlackElo "2223"]
[PlyCount "65"]
[EventDate "1999.??.??"]

1. d4 e6 2. Bf4 d6 3. e4 b6 4. c4 Bb7 5. Nc3 g6 6. Bd3 Bg7 7. Nf3 Ne7 8. O-O h6
9. Rc1 Nd7 10. Qd2 g5 11. Be3 Ng6 12. Rcd1 O-O 13. Nxg5 hxg5 14. Bxg5 Bf6 15.
Bh6 Bg7 16. Bxg7 Kxg7 17. f4 f5 18. exf5 exf5 19. Rde1 Rf6 20. Qc2 Qf8 21. Qa4
Qf7 22. Re3 Re8 23. Rg3 a6 24. a3 Re7 25. Qc2 Qe6 26. d5 Qf7 27. Rg5 Nc5 28.
Bxf5 Re8 29. b4 Nd7 30. Bxd7 Qxd7 31. f5 Re5 32. Rxg6+ Rxg6 33. fxg6 {
pokenose resigns} 1-0

[Event "ICS rated blitz match"]
[Site "204.178.125.65"]
[Date "1999.08.06"]
[Round "?"]
[White "pokenose"]
[Black "Hossa"]
[Result "0-1"]
[WhiteElo "2271"]
[BlackElo "2517"]
[PlyCount "32"]
[EventDate "1999.??.??"]

1. c4 c6 2. Nc3 d5 3. d4 dxc4 4. a4 e5 5. e3 Be6 6. Nf3 exd4 7. exd4 Bb4 8. Be2
Ne7 9. O-O Qa5 10. Ng5 Bxc3 11. bxc3 Qxc3 12. Ba3 Nf5 13. Nxe6 fxe6 14. Bh5+ g6
15. Qe2 Nxd4 16. Qe5 16... Nf3+ {pokenose resigns} 0-1

[Event "ICS rated blitz match"]
[Site "204.178.125.65"]
[Date "1999.08.06"]
[Round "?"]
[White "libertad"]
[Black "Hossa"]
[Result "1-0"]
[WhiteElo "2265"]
[BlackElo "2525"]
[PlyCount "44"]
[EventDate "1999.??.??"]

1. d4 Nf6 2. c4 e6 3. Nf3 d5 4. Bg5 Bb4+ 5. Nc3 c5 6. cxd5 exd5 7. Rc1 cxd4 8.
Qa4+ Nc6 9. Nxd4 Bd7 10. Nxc6 Bxc3+ 11. Rxc3 Bxc6 12. Qd4 O-O 13. Rg3 Kh8 14.
Rf3 Kg8 15. Rxf6 gxf6 16. Bxf6 Qxf6 17. Qxf6 Rae8 18. Qg5+ Kh8 19. e3 f5 20.
Bd3 Rf7 21. Qh4 Rg8 22. Qd4+ 22... Rgg7 {Hossa resigns} 1-0

[Event "ICS Rated blitz match"]
[Site "204.178.125.65"]
[Date "1999.08.06"]
[Round "?"]
[White "Hossa"]
[Black "libertad"]
[Result "1-0"]
[WhiteElo "2499"]
[BlackElo "2291"]
[PlyCount "25"]
[EventDate "1999.??.??"]

1. d4 Nf6 2. c4 e6 3. Nc3 Bb4 4. Bg5 h6 5. Bh4 c5 6. d5 Bxc3+ 7. bxc3 e5 8. Nf3
d6 9. Nd2 O-O 10. e4 Bg4 11. Bxf6 Bxd1 12. Bxd8 Rxd8 13. Rxd1 {libertad resigns
} 1-0

[Event "ICS rated blitz match"]
[Site "204.178.125.65"]
[Date "1999.08.06"]
[Round "?"]
[White "libertad"]
[Black "Hossa"]
[Result "0-1"]
[WhiteElo "2284"]
[BlackElo "2506"]
[PlyCount "84"]
[EventDate "1999.??.??"]

1. d4 Nf6 2. c4 g6 3. Nc3 d5 4. Bg5 Ne4 5. Nxe4 dxe4 6. e3 f6 7. Bh4 e5 8. d5
Bb4+ 9. Ke2 Nd7 10. f3 g5 11. Bg3 exf3+ 12. gxf3 Bc5 13. h4 gxh4 14. Rxh4 Nb6
15. Qc2 Qe7 16. Bh3 Bxh3 17. Nxh3 O-O-O 18. a3 Rdg8 19. Bf2 Qd7 20. b4 Bf8 21.
Rd1 Rg2 22. e4 Kb8 23. c5 Qb5+ 24. Qd3 Nc4 25. Rg4 Rg8 26. Rxg8 Rxg8 27. Rg1
Rxg1 28. Nxg1 Nxa3 29. Qxb5 Nxb5 30. Bh4 Be7 31. Nh3 Nd4+ 32. Kf2 Nc2 33. d6
cxd6 34. cxd6 Bxd6 35. Bxf6 Nxb4 36. Ng5 Nc6 37. Nxh7 a5 38. f4 a4 39. fxe5
Bxe5 40. Bxe5+ Nxe5 41. Nf6 a3 42. Nd5 42... a2 {libertad resigns} 0-1

[Event "ICS rated blitz match"]
[Site "204.178.125.65"]
[Date "1999.08.06"]
[Round "?"]
[White "Hossa"]
[Black "libertad"]
[Result "1-0"]
[WhiteElo "2513"]
[BlackElo "2277"]
[PlyCount "71"]
[EventDate "1999.??.??"]

1. d4 d5 2. c4 c6 3. Nc3 Nf6 4. cxd5 cxd5 5. f3 Nc6 6. e4 dxe4 7. d5 Ne5 8.
fxe4 e6 9. Bf4 Ng6 10. Bb5+ Bd7 11. Bxd7+ Qxd7 12. Bg5 exd5 13. Bxf6 gxf6 14.
exd5 O-O-O 15. Qd4 Kb8 16. Nge2 Bh6 17. O-O Rhe8 18. Qxf6 Be3+ 19. Kh1 Re7 20.
Qf3 Rde8 21. Rad1 Bb6 22. a3 Ne5 23. Qg3 Ka8 24. Rc1 Nc4 25. Rf6 Be3 26. Rcf1
Nd2 27. Rd1 Nc4 28. Qg7 Bb6 29. b3 Ne3 30. Rd2 Ng4 31. b4 Nxf6 32. Qxf6 Qg4 33.
d6 Rxe2 34. Nxe2 Rxe2 35. Qh8+ Bd8 36. Qxd8+ {libertad resigns} 1-0

[Event "ICS rated blitz match"]
[Site "204.178.125.65"]
[Date "1999.08.07"]
[Round "?"]
[White "Hossa"]
[Black "Galaad"]
[Result "1-0"]
[WhiteElo "2494"]
[BlackElo "2024"]
[PlyCount "53"]
[EventDate "1999.??.??"]

1. d4 c6 2. e4 d5 3. Nc3 dxe4 4. Nxe4 Bf5 5. Ng3 Bg6 6. Be2 Nf6 7. c3 e6 8. Nf3
Nbd7 9. O-O Bd6 10. Nh4 Qc7 11. Nxg6 hxg6 12. Qa4 Nh5 13. Bg5 Nxg3 14. fxg3
Bxg3 15. hxg3 Qxg3 16. Bf4 Qh4 17. Qa5 f6 18. Rae1 g5 19. Bc7 Kf7 20. Bc4 Nf8
21. Bd6 b6 22. Qa6 g4 23. Qb7+ Kg6 24. Qxa8 g3 25. Qe8+ Kg5 26. Bf4+ Kf5 27.
Bh6+ {Galaad resigns} 1-0

[Event "ICS rated blitz match"]
[Site "204.178.125.65"]
[Date "1999.08.07"]
[Round "?"]
[White "Galaad"]
[Black "Hossa"]
[Result "0-1"]
[WhiteElo "2022"]
[BlackElo "2496"]
[PlyCount "68"]
[EventDate "1999.??.??"]

1. Nf3 Nc6 2. d4 d5 3. Bf4 Nf6 4. c3 Nh5 5. e3 Nxf4 6. exf4 Bg4 7. Nbd2 Qd6 8.
g3 O-O-O 9. Bg2 Qe6+ 10. Kf1 Qg6 11. Qa4 Qf5 12. Kg1 f6 13. h3 Bxf3 14. Nxf3 g5
15. fxg5 fxg5 16. Kh2 e6 17. Rhe1 g4 18. hxg4 Qxg4 19. Rxe6 Qh5+ 20. Bh3 Kb8
21. Rxc6 Qxf3 22. Rf1 bxc6 23. Qxc6 Qe2 24. a4 Bg7 25. a5 Rd6 26. Qa4 Qxb2 27.
a6 Qxc3 28. Rb1+ Rb6 29. Rxb6+ axb6 30. a7+ Kb7 31. Bd7 Ra8 32. Qb5 c6 33. Qb1
Qxd4 34. Qxh7 34... Rh8 {Galaad resigns} 0-1

[Event "ICS rated blitz match"]
[Site "204.178.125.65"]
[Date "1999.08.07"]
[Round "?"]
[White "Hossa"]
[Black "libertad"]
[Result "0-1"]
[WhiteElo "2498"]
[BlackElo "2310"]
[PlyCount "65"]
[EventDate "1999.??.??"]

1. e4 c5 2. Nf3 Nc6 3. d4 cxd4 4. Nxd4 e5 5. Nxc6 bxc6 6. Bd3 Nf6 7. Qe2 Bb4+
8. c3 Be7 9. f4 d5 10. exd5 e4 11. Bxe4 Nxe4 12. Qxe4 O-O 13. O-O cxd5 14. Qf3
Qb6+ 15. Kh1 Bb7 16. Re1 Bc5 17. Re5 Bd6 18. Re2 Rae8 19. b3 Qa6 20. Rxe8 Rxe8
21. Qd1 Qe2 22. Qxe2 Rxe2 23. Bd2 Bxf4 24. Kg1 Bxd2 25. Nxd2 Rxd2 26. Re1 Kf8
27. g3 Rxa2 28. Rd1 Rc2 29. Rd3 Ke7 30. Re3+ Kd6 31. h4 f6 32. Kf1 Bc6 33. Kg1
{Hossa resigns} 0-1

[Event "ICS rated blitz match"]
[Site "204.178.125.65"]
[Date "1999.08.07"]
[Round "?"]
[White "PlayWithMe"]
[Black "Hossa"]
[Result "0-1"]
[WhiteElo "2063"]
[BlackElo "2474"]
[PlyCount "76"]
[EventDate "1999.??.??"]

1. d4 Nf6 2. c4 g6 3. Nc3 d5 4. Nf3 c6 5. Bg5 dxc4 6. Bxf6 exf6 7. a4 Qb6 8.
Qc2 Bg7 9. e3 Bf5 10. e4 Be6 11. d5 cxd5 12. exd5 Bf5 13. Qe2+ Kd8 14. Qxc4
Qxb2 15. Rd1 Bc2 16. Rd2 Qa1+ 17. Nd1 Bxa4 18. Be2 b5 19. Qb4 a5 20. Qd6+ Nd7
21. O-O Bf8 22. Qc6 Rc8 23. Qa6 Bb4 24. Ne3 Qc3 25. Rd3 Qc5 26. Nd4 Qb6 27.
Qxb6+ Nxb6 28. Nc6+ Ke8 29. Nxb4 axb4 30. d6 b3 31. Ng4 f5 32. Nf6+ Kd8 33. Rb1
Rc2 34. Bd1 b2 35. Bf3 Rc1+ 36. Rd1 Bxd1 37. Bxd1 Rxb1 38. Kf1 38... Rxd1+ {
PlayWithMe resigns} 0-1

[Event "ICS rated blitz match"]
[Site "204.178.125.65"]
[Date "1999.08.07"]
[Round "?"]
[White "Hossa"]
[Black "mkarp"]
[Result "1-0"]
[WhiteElo "2477"]
[BlackElo "2132"]
[PlyCount "95"]
[EventDate "1999.??.??"]

1. e4 c5 2. Nf3 d6 3. d4 cxd4 4. Qxd4 Nc6 5. Bb5 Bd7 6. Qd1 Nf6 7. Nc3 e6 8.
O-O Be7 9. Bg5 a6 10. Be2 Qc7 11. Qd2 h6 12. Bh4 Ne5 13. Rad1 Bc6 14. Bxf6 gxf6
15. Nd4 Bd7 16. f4 Nc4 17. Bxc4 Qxc4 18. Qd3 Qxd3 19. Rxd3 O-O 20. Rfd1 b5 21.
Rg3+ Kh7 22. Rgd3 Rac8 23. R1d2 Rc4 24. a3 Rfc8 25. Kh1 Bd8 26. f5 Bb6 27. Nf3
Bc7 28. Rxd6 Bxd6 29. Rxd6 Bc6 30. fxe6 Bxe4 31. exf7 Bd3 32. cxd3 R4c7 33.
Rxf6 Kg7 34. Rxa6 Rxf7 35. Re6 Rd8 36. Re3 Rfd7 37. d4 Rb8 38. d5 b4 39. axb4
Rxb4 40. Re2 Rdb7 41. d6 Kf8 42. Re6 Rxb2 43. Rxh6 Rc2 44. Rh8+ Kg7 45. Rc8 Rd7
46. Rc6 Rxd6 47. Rxd6 Rxc3 48. Kg1 {mkarp resigns} 1-0

[Event "ICS rated blitz match"]
[Site "204.178.125.65"]
[Date "1999.08.07"]
[Round "?"]
[White "mkarp"]
[Black "Hossa"]
[Result "0-1"]
[WhiteElo "2128"]
[BlackElo "2481"]
[PlyCount "84"]
[EventDate "1999.??.??"]

1. e4 c6 2. d4 d5 3. e5 Bf5 4. g4 Bg6 5. Nc3 e6 6. Nge2 c5 7. h4 Nc6 8. h5 Bxc2
9. Qxc2 cxd4 10. Nb1 f6 11. exf6 Nxf6 12. Bg5 Qa5+ 13. Bd2 Nb4 14. Qb3 Qc5 15.
Na3 Ne4 16. Rc1 Qa5 17. Nxd4 Nxd2 18. Kxd2 Nxa2+ 19. Ke3 Bxa3 20. Bb5+ Kf7 21.
Qxa2 Bb4 22. Qxa5 Bxa5 23. Bd7 e5 24. Nf3 Bb6+ 25. Ke2 e4 26. Ng5+ Kf6 27. Nh3
Rad8 28. g5+ Ke7 29. Bg4 Rhf8 30. Rhd1 g6 31. hxg6 hxg6 32. b3 d4 33. Kf1 d3
34. Kg2 Kf7 35. Rc4 Rd4 36. Rxd4 Bxd4 37. Rc1 Bb6 38. Rc4 Re8 39. Nf4 Re5 40.
Be6+ Rxe6 41. Nxe6 d2 42. Rxe4 42... d1=Q {mkarp resigns} 0-1

[Event "ICS rated blitz match"]
[Site "204.178.125.65"]
[Date "1999.08.07"]
[Round "?"]
[White "Hossa"]
[Black "mkarp"]
[Result "1-0"]
[WhiteElo "2485"]
[BlackElo "2124"]
[PlyCount "53"]
[EventDate "1999.??.??"]

1. d4 Nf6 2. c4 g6 3. Nc3 Bg7 4. e4 d6 5. Bg5 Nbd7 6. Bd3 e5 7. Nge2 exd4 8.
Nxd4 c6 9. O-O O-O 10. Be2 Re8 11. f3 Qb6 12. Na4 Qa5 13. Be3 d5 14. cxd5 cxd5
15. Nc3 dxe4 16. fxe4 Nxe4 17. Qb3 Ndf6 18. Nxe4 Rxe4 19. Bf3 Re8 20. a3 Bd7
21. Bxb7 Rab8 22. Bf4 Qc5 23. Rad1 Ng4 24. Qd5 Bxd4+ 25. Rxd4 Qxd5 26. Bxd5
Rxb2 27. Bc1 {mkarp resigns} 1-0

[Event "ICS rated blitz match"]
[Site "204.178.125.65"]
[Date "1999.08.07"]
[Round "?"]
[White "brutus"]
[Black "Hossa"]
[Result "0-1"]
[WhiteElo "2080"]
[BlackElo "2489"]
[PlyCount "50"]
[EventDate "1999.??.??"]

1. e4 c6 2. d4 d5 3. Nc3 dxe4 4. Nxe4 Bf5 5. Ng3 Bg6 6. Nf3 Nd7 7. Bd3 Bxd3 8.
Qxd3 e6 9. O-O Be7 10. Bd2 Ngf6 11. c4 O-O 12. Bc3 Ng4 13. h3 Ngf6 14. Rae1 Qe8
15. Ne5 Nxe5 16. dxe5 Nd7 17. Nh5 Kh8 18. Re4 Nc5 19. Qg3 g6 20. Nf6 Bxf6 21.
exf6 Nxe4 22. Qf4 Nxc3 23. Qh6 Rg8 24. bxc3 Qd8 25. Qh4 25... Qd2 {
brutus resigns} 0-1

[Event "ICS rated blitz match"]
[Site "204.178.125.65"]
[Date "1999.08.07"]
[Round "?"]
[White "Hossa"]
[Black "brutus"]
[Result "1-0"]
[WhiteElo "2492"]
[BlackElo "2077"]
[PlyCount "36"]
[EventDate "1999.??.??"]

1. d4 Nf6 2. c4 g6 3. Nc3 d5 4. cxd5 Nxd5 5. e4 Nxc3 6. bxc3 Bg7 7. Bb5+ c6 8.
Bc4 O-O 9. Ne2 b5 10. Bd3 a6 11. O-O c5 12. dxc5 Nc6 13. Be3 Bb7 14. a4 bxa4
15. Bc4 Qc7 16. Qxa4 Ne5 17. Bd5 Bxd5 18. exd5 18... Ng4 {brutus resigns} 1-0

[Event "ICS rated blitz match"]
[Site "204.178.125.65"]
[Date "1999.08.07"]
[Round "?"]
[White "Hossa"]
[Black "zakay"]
[Result "1-0"]
[WhiteElo "2497"]
[BlackElo "2028"]
[PlyCount "65"]
[EventDate "1999.??.??"]

1. e4 c5 2. Nf3 d6 3. d4 cxd4 4. Nxd4 Nf6 5. Nc3 a6 6. Be3 e6 7. Bd3 b5 8. Bg5
Bb7 9. Qf3 Be7 10. O-O O-O 11. Rae1 Nc6 12. Nxc6 Bxc6 13. a3 h6 14. Bd2 Nd7 15.
Qg3 Kh8 16. Be3 Ne5 17. Bd4 Bf6 18. Kh1 Nxd3 19. Bxf6 Qxf6 20. cxd3 Rac8 21.
Qxd6 Rfd8 22. Qg3 Qd4 23. Rd1 a5 24. Rd2 b4 25. Ne2 Qf6 26. axb4 axb4 27. Rc2
Bb5 28. e5 Qf5 29. Rxc8 Rxc8 30. Rc1 Rd8 31. Nf4 Bxd3 32. Rd1 Qxe5 33. Ng6+ {
zakay resigns} 1-0